| 000 | 00987cam a22003374a 4500 | ||
|---|---|---|---|
| 001 | 75127 | ||
| 005 | 20230410123553.0 | ||
| 008 | 071106s2007 fr b 001 0 fre | ||
| 010 | _a 2008382105 | ||
| 035 | _a(OCoLC)ocn182850514 | ||
| 040 |
_aDLC _cDLC _dTZT _dMUQ |
||
| 020 | _a9782721211620 | ||
| 020 | _a2721211625 | ||
| 035 | _a(OCoLC)182850514 | ||
| 041 | _afre | ||
| 050 | 1 | 4 |
_aKJV 1856 _bB624d 2007 |
| 082 | 0 | 0 | _a343 |
| 100 | 1 | _aBitan, Hubert. | |
| 245 | 1 | 0 |
_aDroit des contrats informatiques et pratique expertale / _cHubert Bitan. |
| 260 |
_aRueil-Malmaison : _bLamy, _c2007. |
||
| 300 |
_a303 p. ; _c29 cm. |
||
| 440 | 0 | _aAxe droit | |
| 504 | _aIncludes bibliographical references (p. 283-293) and index. | ||
| 650 | 0 |
_aComputer contracts _zFrance. |
|
| 653 | _aTrade law | ||
| 650 | 6 |
_aContrats informatiques _zFrance. |
|
| 938 |
_aJean Touzot Libraire Editeur _bTOUZ _nJTL00212791 _c50 EUR |
||
| 942 |
_2lcc _cbk |
||
| 946 | _amfcruz | ||
| 994 |
_aC0 _bDRFGD |
||
| 999 |
_c64083 _d64083 |
||